|
|
|
|
| LEADER |
01161nam a2200277 i 4500 |
| 001 |
c000000769 |
| 003 |
CARM |
| 005 |
00000000000000.0 |
| 008 |
730221s1937 00000 eng d |
| 019 |
1 |
|
|a 2536445
|5 LACONCORD2021
|
| 035 |
|
|
|a (OCoLC)220124571
|5 LACONCORD2021
|
| 050 |
0 |
0 |
|a JX1315.C7
|
| 100 |
1 |
|
|a Cruttwell, C. R. M. F.
|q (Charles Robert Mowbray Fraser),
|d 1887-1941.
|
| 245 |
1 |
2 |
|a A history of peaceful change in the modern world /
|c by C. R. M. F. Cruttwell.
|
| 260 |
|
|
|a London ;
|a New York [etc.] ;
|a Oxford university press,
|c 1937.
|
| 300 |
|
|
|a 4 p :
|b l., 221, [1] p ;
|c 23 cm.
|
| 500 |
|
|
|a On cover: Royal institute of international affairs.
|
| 650 |
|
0 |
|a International relations
|x History.
|
| 650 |
|
0 |
|a World politics.
|
| 650 |
|
0 |
|a International cooperation.
|
| 710 |
2 |
0 |
|a Royal Institute of International Affairs (Great Britain)
|
| 740 |
0 |
0 |
|a Peaceful change in the modern world.
|
| 852 |
8 |
|
|b CARM
|h A2:AF30G0
|i B01643
|p 0074201
|f BK
|
| 082 |
0 |
4 |
|a 341
|
| 999 |
f |
f |
|i 5983cba2-7538-5fc0-a3e3-0d8e3e388116
|s e62d30ca-6ff0-5c01-8ae5-26d0655e5b09
|
| 952 |
f |
f |
|p Can circulate
|a CAVAL
|b CAVAL
|c CAVAL
|d CARM 1 Store
|e B01643
|f A2:AF30G0
|h Other scheme
|i book
|m 0074201
|